| 000 | 00967 a2200301 4500 | ||
|---|---|---|---|
| 999 |
_c114811 _d114811 |
||
| 003 | BJBSDDR | ||
| 005 | 20230411090707.0 | ||
| 007 | ta | ||
| 008 | 211020s2014 ck ||||| |||| 00| 0 spa d | ||
| 020 | _a9789587621716 | ||
| 020 | _a9587621719 | ||
| 040 |
_bspa _cBJBSDDR |
||
| 041 | _aspa | ||
| 050 | 1 | 4 |
_aHD 30.3 _bF363c 2014 |
| 082 | 0 | 0 | _a658.45 |
| 100 | 1 |
_aFernández López, Sergio, _d1925- |
|
| 245 | 1 | 0 |
_aCómo gestionar la comunicación en organizaciones públicas y no lucrativas / _cSergio Fernández López. |
| 260 |
_aBogotá : _bEdiciones de la U, _c2014. |
||
| 300 |
_a268 p. : _bill. ; _c24 cm. |
||
| 504 | _aIncluye bibliografía. | ||
| 650 | 4 |
_916356 _aSistemas de comunicación en administración |
|
| 650 | 4 |
_92099 _aComunicación organizacional |
|
| 650 | 4 |
_91966 _aComunicación |
|
| 650 | 4 |
_95708 _aComunicación en la administración pública |
|
| 650 | 4 |
_916357 _aPublicidad gubernamental |
|
| 942 |
_2lcc _cBK |
||
| 946 | _idpf | ||